00933cam a2200217 a 450000100100000000500170001000800410002704000250006808200220009310000290011524501120014425000120025626000490026830000280031749000250034559000750037070000290044583000320047495201920050699900170069800003523120200930074207.0761026s1974 mx a b 000 0 spa  aDO-SdBNPbspacBNPHU axxxxbH289c, 19741 aHarnecker, Marta.91229014aLos conceptos elementales del materialismo histórico /cMarta Harnecker ; presentación Louis Althusser. a26a ed. aMéxico :bSiglo Veintiuno Editores,c1974. axvi, 341 p. : ;c19 cm.1 aTeoría y Crítica aPerteneció a la biblioteca personal de Juan Isidro Jimenes Grullón1 aAlthusser, Louis.931032 0aTeoría y Crítica931033 001050718MOaGRbGRcCTd2011-10-26iLF1l0oxxxx H289c, 1974p35231-10r2020-06-25w2020-06-25y1zPerteneció a la biblioteca personal de Juan Isidro Jimenes GrullónZNo se presta c34722d34722